| 000 -LEADER |
| fixed length control field |
01410pab a2200169 454500 |
| 008 - FIXED-LENGTH DATA ELEMENTS--GENERAL INFORMATION |
| fixed length control field |
180718b2012 xxu||||| |||| 00| 0 eng d |
| 100 ## - MAIN ENTRY--PERSONAL NAME |
| Personal name |
Andrews, Matt |
| 245 ## - TITLE STATEMENT |
| Title |
The logical limits of best practice administrative solutions in developing countries |
| 260 ## - PUBLICATION, DISTRIBUTION, ETC. |
| Date of publication, distribution, etc. |
2012 |
| 300 ## - PHYSICAL DESCRIPTION |
| Extent |
p.137-153. |
| 362 ## - DATES OF PUBLICATION AND/OR SEQUENTIAL DESIGNATION |
| Dates of publication and/or sequential designation |
May |
| 520 ## - SUMMARY, ETC. |
| Summary, etc. |
Developing countries are pressured to adopt administrative solutions that the international community considers best practice. Some claim that these practices do not fit such contexts. How could one assess the fit or relevance of a best practice? This article suggests a basic answer: Look at the degree of difference between the proposed adoption context and the context in which such practice emerged as ムbestメ. This answer emerges from a discussion on the basis of the new institutional ideas about change and diffusion. An empirical analysis of public financial management reform in African countries suggests support for this answer: Good practices are most evident in countries least different to the developed nations. The article contributes to a literature on best practice and yields fundamental messages for development, including the point that best practices are limited as administrative solutions in many developing countries. - Reprodu |
| 650 ## - SUBJECT ADDED ENTRY--TOPICAL TERM |
| Topical term or geographic name entry element |
Public administration |
| 773 ## - HOST ITEM ENTRY |
| Main entry heading |
Public Administration and Development |
| 908 ## - PUT COMMAND PARAMETER (RLIN) |
| Put command parameter |
N |
| 909 ## - |
| -- |
97694 |